| 000 | 00750cam a2200253 a 4500 | ||
|---|---|---|---|
| 001 | 36201 | ||
| 003 | BD-RjUL | ||
| 005 | 20211209052441.0 | ||
| 008 | 140618s19461936enk b 001 0 eng d | ||
| 035 | _a(BD-RjUL)36298 | ||
| 040 |
_aKSU _beng _cBD-RjUL _dBD-RjUL |
||
| 041 | _aeng | ||
| 082 |
_a323.6 _bWIC 1946 |
||
| 100 | 1 |
_aWillatt, Col. J _9110167 |
|
| 245 | 1 | 0 | _aCitizenship : The responsibilities and privileges of the indian citizen / |
| 250 | _a4th ed. | ||
| 260 |
_aOxford : _bOxford Unversity Press, _c1946. |
||
| 300 |
_avi, 184 p. ; _c20 cm |
||
| 504 | _aIncludes bibliography: p. [223]-227 and index. | ||
| 650 | 0 |
_aCitizenship. _9110168 |
|
| 650 | 0 |
_aState, The _9110169 |
|
| 650 | 0 |
_aPolitical ethics _9110170 |
|
| 942 |
_2ddc _cBK |
||
| 999 |
_c36201 _d36201 |
||